000 00802cam a2200301 4500500
005 20260419001349.0
041 _afre
042 _adc
100 1 0 _aLoriol, Marc
_eauthor
245 0 0 _a“Je me dédouble en permanence”
260 _c2025.
500 _a21
690 _aBonheur
690 _aEfficacité
690 _aEnvironnement de travail
690 _aManagement
690 _aMotivation
690 _aProductivité
690 _aSanté
690 _aSens
690 _aSouffrance au travail
690 _aStress
690 _aTélétravail
690 _aTravail
690 _aVie pro / vie perso
786 0 _nPhilonomist | - | 3 | 2025-03-19 | p. 41-54
856 4 1 _uhttps://shs.cairn.info/magazine-philonomist-2025-3-page-41?lang=fr&redirect-ssocas=7080
999 _c2212774
_d2212774